The four Gospels arranged as a single narrative / (Record no. 4307)

MARC details
000 -LEADER
fixed length control field 00846nam a2200265Ia 4500
001 - CONTROL NUMBER
control field 17612
003 - CONTROL NUMBER IDENTIFIER
control field GBCCL
005 - DATE AND TIME OF LATEST TRANSACTION
control field 20241126110515.0
008 - FIXED-LENGTH DATA ELEMENTS--GENERAL INFORMATION
fixed length control field 781127s1974 oku 001 0 eng d
035 ## - SYSTEM CONTROL NUMBER
System control number (OCoLC)04400416
040 ## - CATALOGING SOURCE
Original cataloging agency BCT
Transcribing agency BCT
Modifying agency m.c.
-- LBB
049 ## -
-- LBBK
082 ## - DEWEY DECIMAL CLASSIFICATION NUMBER
Classification number 226.1
Item number WIL
090 ## - LOCALLY ASSIGNED LC-TYPE CALL NUMBER (OCLC); LOCAL CALL NUMBER (RLIN)
Classification number (OCLC) (R) ; Classification number, CALL (RLIN) (NR) BT299.2
Local cutter number (OCLC) ; Book number/undivided call number, CALL (RLIN) .W55
092 0# - LOCALLY ASSIGNED DEWEY CALL NUMBER (OCLC)
Item number A939, 1974
Edition number 20
130 0# -
-- Bible.
-- N.T.
-- Gospels.
-- English.
-- Authorized.
-- 1974.
-- 8126
245 14 - TITLE STATEMENT
Title The four Gospels arranged as a single narrative /
Statement of responsibility, etc. by Chester Wilkins.
260 ## - PUBLICATION, DISTRIBUTION, ETC.
Place of publication, distribution, etc. Bartlesville, Okla. :
Name of publisher, distributor, etc. Wilkins Publications,
Date of publication, distribution, etc. c1974.
300 ## - PHYSICAL DESCRIPTION
Extent xi, 250 p. ;
Dimensions 21 cm.
500 ## - GENERAL NOTE
General note Includes indexes.
600 00 - SUBJECT ADDED ENTRY--PERSONAL NAME
Personal name Jesus Christ
General subdivision Biography
-- Sources, Biblical.
9 (RLIN) 4851
630 00 - SUBJECT ADDED ENTRY--UNIFORM TITLE
Uniform title Bible.
Name of part/section of a work N.T.
-- Gospels
General subdivision Harmonies.
9 (RLIN) 8127
700 10 - ADDED ENTRY--PERSONAL NAME
Personal name Wilkins, Chester,
Dates associated with a name 1918-
9 (RLIN) 8128
942 ## - ADDED ENTRY ELEMENTS (KOHA)
Source of classification or shelving scheme Dewey Decimal Classification
Koha item type Books
Koha issues (borrowed), all copies 2
Holdings
Withdrawn status Lost status Source of classification or shelving scheme Damaged status Not for loan Home library Current Library Shelving location Date acquired Total checkouts Full call number Barcode Date last seen Date last checked out Copy number Price effective from Koha item type
    Dewey Decimal Classification     GRACE BIBLE COLLEGE GRACE BIBLE COLLEGE Biblical Studies 2018-01-18 4 226.1 WIL 007620 2025-05-01 2025-02-14 c.1 2018-01-18 Books
© Grace Bible College Library 2025